| 000 | 00348nam a22001337a 4500 | ||
|---|---|---|---|
| 999 |
_c12563 _d12563 |
||
| 008 | 241202b 2000 ||||| |||| 00| 0 eng d | ||
| 020 | _a1870077547 | ||
| 082 |
_a657.45 _bVER |
||
| 100 | _aVervloesem, Walter | ||
| 245 | _aShip survey and audit companion | ||
| 260 |
_aLondon _bThe Nautical Institute _c2000 |
||
| 300 | _axii,260p. | ||
| 942 | _cBK | ||